|
|
|
|
| LEADER |
00000nam2a2200000 4500 |
| 001 |
228663 |
| 005 |
20231031201640.0 |
| 035 |
|
|
|a (RuTPU)RU\TPU\book\249144
|
| 035 |
|
|
|a RU\TPU\book\248945
|
| 090 |
|
|
|a 228663
|
| 100 |
|
|
|a 20121220d1972 k y0rusy50 ca
|
| 101 |
0 |
|
|a rus
|
| 102 |
|
|
|a RU
|
| 105 |
|
|
|a a z 000zy
|
| 200 |
0 |
|
|a Т. 243 : Автоматизация промышленных установок и управления производством
|
| 210 |
|
|
|c Изд-во Томского ун-та
|d 1972
|
| 215 |
|
|
|a 201 с.
|c рис., граф., схемы, табл., черт.
|
| 461 |
|
1 |
|0 (RuTPU)RU\TPU\book\200995
|t Известия Томского политехнического института [Известия ТПИ]
|f Томский политехнический институт (ТПИ)
|v Т. 243 : Автоматизация промышленных установок и управления производством
|d 1944-1976
|
| 601 |
0 |
2 |
|a Томский политехнический институт (ТПИ)
|c (1944-1991)
|2 stltpush
|3 (RuTPU)RU\TPU\col\1123
|
| 610 |
1 |
|
|a научные исследования
|
| 610 |
1 |
|
|a промышленные установки
|
| 610 |
1 |
|
|a автоматизация
|
| 610 |
1 |
|
|a управление
|
| 610 |
1 |
|
|a ферромагнитные устройства
|
| 610 |
1 |
|
|a дискретное управление
|
| 610 |
1 |
|
|a автоматические установки
|
| 610 |
1 |
|
|a детали
|
| 610 |
1 |
|
|a электролитный нагрев
|
| 610 |
1 |
|
|a источники напряжения
|
| 610 |
1 |
|
|a автомобильные аккумуляторы
|
| 610 |
1 |
|
|a зарядка
|
| 610 |
1 |
|
|a дуговые сталеплавильные печи
|
| 610 |
1 |
|
|a регуляторы
|
| 610 |
1 |
|
|a мощность
|
| 610 |
1 |
|
|a электропоезда
|
| 610 |
1 |
|
|a рекуперативное торможение
|
| 610 |
1 |
|
|a импульсно-дуговая сварка
|
| 610 |
1 |
|
|a инверторы
|
| 610 |
1 |
|
|a синхронно-реактивные двигатели
|
| 610 |
1 |
|
|a тиристорные коммутаторы
|
| 610 |
1 |
|
|a энергетические показатели
|
| 610 |
1 |
|
|a штамповочные участки
|
| 610 |
1 |
|
|a компьютерные программы
|
| 610 |
1 |
|
|a статические преобразователи
|
| 610 |
1 |
|
|a полупроводниковые элементы
|
| 610 |
1 |
|
|a линейные нестационарные системы
|
| 610 |
1 |
|
|a труды учёных ТПУ
|
| 675 |
|
|
|a 62
|v 3
|
| 801 |
|
1 |
|a RU
|b 63413507
|c 20090209
|g PSBO
|
| 801 |
|
2 |
|a RU
|b 63413507
|c 20130320
|g PSBO
|
| 942 |
|
|
|c BK
|